| 000 | 00815nam a2200217Ii 4500 | ||
|---|---|---|---|
| 003 | JO-AjNU | ||
| 008 | 230605s9999||||xx |||||||||||||| ||und|| | ||
| 017 | _a2004/6/1427 | ||
| 040 |
_aJO-AjNU _bara _erda _cJO-AjNU |
||
| 041 | _aara | ||
| 050 | 1 | 4 | _aHF5416.5.U233 2004 |
| 100 | 3 |
_aتأليف عبيدات، محمد , _eauthor _957241 |
|
| 245 | 0 | 0 | _aاساسيات التسعير في التسويق المعاصر: مدخل سلوكي |
| 250 | _aط1 | ||
| 264 | 3 | 1 | _aعمان: دار المسيرة للنشر زالتوزيع، 2004 |
| 300 |
_a238ص _bيحتوي ببلوغرافية ص 238 |
||
| 336 |
_atext _btxt _2rdacontent |
||
| 337 |
_aunmediated _bn _2rdamedia |
||
| 338 |
_avolume _bnc _2rdacarrier |
||
| 650 | 4 |
_aالتسعير - التسويق - الاسعار - ادار المبيعات _957242 |
|
| 999 |
_aA25638 _c29206 _d29206 |
||